000 01377nam a2200217Ia 4500
003 Ost
005 20260416102358.0
008 260416s9999||||xx |||||||||||||| ||und||
040 _cfsecg
041 _aara
082 _a658
100 _aصافي، عبد القادر
_eمؤلف
245 0 _aمحاضرات في مادة المقاولاتية :
_bموجهة لطلبة السنة الاولى ماستر تخصص : محاسبة /
_c عبد القادر صافي
260 _aالجزائر
_bجامعة الجزائر3: كلية العلوم الإقتصادية، العلوم التجارية وعلوم التسيير
_c2022
300 _a102 ورقة
_bايضاحات
_c30 سم
504 _aالمراجع ص.101
520 _aالمقاولاتية و الجامعة ، مفاهيم عامة حول المقاولاتية ، أشكال المقاولاتية ، مفاهيم أساسية حول المقاول ، خصائص الشخصية المقاولاتية ، مقومات الفكر المقولاتي ، إنشاء مؤسسة مقاولاتية ، اعداد خطة الأعمال ، خطة العمليات الانتاجية .
653 _aادارة الاعمال
710 _aجامعة الجزائر3: كلية العلوم الإقتصادية، العلوم التجارية وعلوم التسيير
_eناشر علمي
942 _cHANDOUT
999 _c41316
_d41316